Trabalho nocturno (Registo nº 1755)

Detalhes MARC
000 -Etiqueta do registo
Valores 00727nam a22002051i 4500
090 ## -
-- 1755
100 ## - Dados gerais de processamento
Dados gerais 20170304u u u0frey50 ba
101 0# - Língua de publicação
-- por
200 1# - Titulo e menção de responsabilidade
Primeira menção de responsabilidade Irwin Shaw
Título próprio Trabalho nocturno
215 ## - Descrição física 
Paginação / Volumes 358, [2] p.
Dimensões 21 cm
210 ## - Publicação
Nome do editor Livros do Brasil
Local de publicação Lisboa
225 2# - Colecção 
Título próprio da colecção Dois mundos
Indicação de volume 130
300 ## - Notas gerais 
Texto da nota Exemplar nÇ 0001905 em depósito / caixa 331
410 #0 -
-- Dois mundos
702 #1 - Autor secundário (pessoa individual)
Apelido Rodrigues
Nome Fernanda Pinto
-- 730
ID Autoridade 2282
700 #1 - Autor principal (pessoa individual)
Apelido Shaw
Nome Irwin
-- 070
Datas 1913-1984
996 ## - ISO2709
-- 0001905
-- SHA
-- 00000000
-- 00000000
-- BMVA
-- 1
-- Depósito
-- Literatura Estrangeira
-- 13
-- Livro
-- 0
-- 1
996 ## - ISO2709
-- 0022219
-- SHA
-- 00000000
-- 00000000
-- BMVAAL
-- 3
-- Alcáçovas
-- Literatura Estrangeira
-- 13
-- Livro
-- 0
-- 1
990 ## - Elementos KOHA
Tipo de documento Livro
995 ## - Localização e informação dos exemplares
-- 13
Exemplares
Situação do levantamento Estado Biblioteca de origem Biblioteca de empréstimo Localização na Estante Código de barras Cota Permissão de empréstimo Tipo de documento Nota relativa ao exemplar
  Completo Biblioteca Municipal de Viana Do Alentejo Biblioteca Municipal de Viana Do Alentejo   0001911 SHA Disponível Livro  
  Completo Biblioteca Municipal de Viana Do Alentejo Pólo Alcáçovas Biblioteca Municipal de Viana Do Alentejo Pólo Alcáçovas Depósito 0001384AL SHA Disponível Livro CX.160 vnt




Powered by Koha